| 000 | 01613nam a2200421 c 4500 | ||
|---|---|---|---|
| 001 | 58351 | ||
| 003 | CO-BoRNBP | ||
| 005 | 20250821210530.0 | ||
| 007 | ta | ||
| 008 | 200319s2018 ck a|||br|||| 00| jdspa d | ||
| 020 | _a9789588416403 | ||
| 040 |
_aCO-BoRNBP _bspa _erda _cCO-BoRNBP |
||
| 041 | 0 | _aspa | |
| 084 | _aC GRU | ||
| 100 |
_aGrueso Romero, Mary, _d1947- _eaut _947489 |
||
| 245 | 1 | 0 |
_aEntre panela y confite / _cMary Grueso Romero ; ilustraciones Vanessa Castillo. |
| 250 |
_aPrimera edición _bTercera reimpresion |
||
| 264 | 1 |
_aBogotá, Colombia : _bApidama, _c2022 |
|
| 300 |
_a31 páginas : _bilustraciones |
||
| 336 |
_2rdacontent _atexto _btxt |
||
| 337 |
_2rdamedia _asin mediación _bn |
||
| 338 |
_2rdacarrier _avolumen _bnc |
||
| 490 | 0 |
_aBiblioteca de escritores afrocolombianos _v5 |
|
| 521 | _aRecomendado para un público infantil mayor de 6 años | ||
| 545 | _aIncluye datos biográficos de la autora en la solapa | ||
| 650 | 0 | 7 |
_aAfrocolombianos _xAspectos culturales _vDiccionarios, enciclopedias, etc. _2LEMB _962995 |
| 650 | 0 | 7 |
_aAfrocolombianos _xAspectos sociales _vDiccionarios, enciclopedias, etc. _2LEMB _962996 |
| 650 | 0 | 4 |
_aCuentos infantiles colombianos _ySiglo XX _2LEMB _92372 |
| 650 | 0 | 7 |
_aNiños Negros _vCuentos _2LEMB _962997 |
| 650 | 0 | 7 |
_aFamilia _vCuentos _2LEMB |
| 650 | 0 | 4 |
_aLiteratura infantil colombiana _ySiglo XX _2LEMB _9364 |
| 655 |
_aDiccionarios, enciclopedias, etc. _962998 |
||
| 655 |
_aDiccionarios, enciclopedias, etc. _962998 |
||
| 655 |
_aCuentos _943875 |
||
| 655 |
_aCuentos _943875 |
||
| 700 |
_aCastillo, Vanessa _eill _936387 |
||
| 942 |
_2loc _cBKLIT |
||
| 999 |
_c58351 _d58351 |
||